[Event "TCh-HUN 2017-18"]
[Site "Hungary HUN"]
[Date "2018.01.28"]
[Round "5.10"]
[White "Szekely, Mihaly"]
[Black "Horvath, David"]
[Result "0-1"]
[BlackTitle "IM"]
[WhiteElo "1984"]
[BlackElo "2377"]
[WhiteTeam "HUSI SC"]
[BlackTeam "Aquarena Kobanya SC"]
[WhiteFideId "785539"]
[BlackFideId "704890"]
[EventDate "2017.11.25"]
[EventType "team-tourn"]

1. c4 Nf6 2. Nf3 e6 3. g3 d5 4. cxd5 exd5 5. Bg2 Be7 6. O-O O-O 7. d3 c5 8. Bg5
Nc6 9. Nc3 Be6 10. Rc1 Rc8 11. d4 c4 12. Ne5 h6 13. Nxc6 bxc6 14. Bf4 Qb6 15.
Qd2 Rfd8 16. Na4 Qb5 17. Qc2 Bg4 18. Nc3 Qb7 19. e4 dxe4 20. Nxe4 Be6 21. Nc5
Bxc5 22. dxc5 Qb5 23. Bd6 Nd7 24. a4 Qa5 25. Qc3 Qxa4 26. Ra1 Qb5 27. Ra5 Qb7
28. Rfa1 Ra8 29. Ra6 Rdc8 30. Qa3 Kh8 31. Qa4 Nb8 32. Rxa7 Rxa7 33. Qxa7 Qxb2
34. Qa3 Qb5 35. Be4 Qb3 36. Qa7 Nd7 37. Rb1 Qc3 38. Qb7 Ne5 39. Bxe5 Qxe5 40.
Bxc6 Qxc5 41. Be4 0-1

[Event "TCh-HUN 2017-18"]
[Site "Hungary HUN"]
[Date "2018.01.28"]
[Round "5.11"]
[White "Polyik, Peter"]
[Black "Reskone dr., Timko Melinda"]
[Result "1-0"]
[WhiteElo "2264"]
[BlackElo "2028"]
[WhiteTeam "Aquarena Kobanya SC"]
[BlackTeam "HUSI SC"]
[WhiteFideId "758817"]
[BlackFideId "720550"]
[EventDate "2017.11.25"]
[EventType "team-tourn"]

1. d4 Nf6 2. c4 e6 3. Nf3 b6 4. g3 Bb7 5. Bg2 Be7 6. Nc3 Ne4 7. Bd2 c5 8. d5
Nxd2 9. Qxd2 d6 10. O-O O-O 11. Ne1 e5 12. e4 f5 13. exf5 Rxf5 14. Be4 Rh5 15.
Qe2 Rh6 16. Nd3 Bc8 17. Nxe5 Bf6 18. Nc6 Qd7 19. Bf5 Qxf5 20. Qe8# 1-0

[Event "TCh-HUN 2017-18"]
[Site "Hungary HUN"]
[Date "2018.01.28"]
[Round "5.12"]
[White "Tegzes, Laszlo"]
[Black "Havanecz, Bianka"]
[Result "0-1"]
[BlackTitle "WIM"]
[WhiteElo "2067"]
[BlackElo "2199"]
[WhiteTeam "HUSI SC"]
[BlackTeam "Aquarena Kobanya SC"]
[WhiteFideId "715808"]
[BlackFideId "704814"]
[EventDate "2017.11.25"]
[EventType "team-tourn"]

1. e4 e5 2. Nf3 Nc6 3. Bb5 a6 4. Ba4 Nf6 5. d4 exd4 6. O-O Be7 7. Re1 O-O 8. e5
Ne8 9. c3 b5 10. Bc2 d5 11. cxd4 Nb4 12. Bb3 Bf5 13. Re3 a5 14. a4 c6 15. Nc3
Nc7 16. Ne2 Ne6 17. Rc3 Qb6 18. Nf4 h6 19. Nxe6 fxe6 20. Be3 Bg4 21. h3 Bxf3 22.
gxf3 Bg5 23. f4 Bxf4 24. Qg4 Bxe3 25. Qxe6+ Kh8 26. fxe3 Qd8 27. Kh1 Qh4 28. Qg4
Qf2 29. Rg1 Ra7 30. axb5 Qxb2 31. Bxd5 Qxc3 32. Be4 Nd3 33. Rg2 Nf2+ 34. Rxf2
Qe1+ 0-1

[Event "TCh-HUN 2017-18"]
[Site "Hungary HUN"]
[Date "2018.01.28"]
[Round "5.1"]
[White "Kuzubov, Yuriy"]
[Black "Kallai, Gabor"]
[Result "1-0"]
[WhiteTitle "GM"]
[BlackTitle "GM"]
[WhiteElo "2690"]
[BlackElo "2475"]
[WhiteTeam "DVTK"]
[BlackTeam "MTK Budapest"]
[WhiteFideId "14112906"]
[BlackFideId "700282"]
[EventDate "2017.11.25"]
[EventType "team-tourn"]

1. c4 e5 2. Nc3 Nf6 3. g3 Bb4 4. Bg2 O-O 5. e4 a6 6. Nge2 b5 7. Nd5 Nxd5 8. cxd5
c6 9. O-O cxd5 10. Qb3 Ba5 11. Qxd5 Nc6 12. d4 exd4 13. Nxd4 Bb7 14. Nf5 Bc7 15.
Rd1 Re8 16. Be3 Na5 17. Qxd7 Nc4 18. Nh6+ gxh6 19. Qg4+ Kh8 20. Rxd8 Raxd8 21.
Bf4 Ne5 22. Qh5 Re6 23. Rc1 1-0

[Event "TCh-HUN 2017-18"]
[Site "Hungary HUN"]
[Date "2018.01.28"]
[Round "5.2"]
[White "Juhasz, Armin"]
[Black "Hera, Imre Jr."]
[Result "0-1"]
[WhiteTitle "IM"]
[BlackTitle "GM"]
[WhiteElo "2369"]
[BlackElo "2616"]
[WhiteTeam "MTK Budapest"]
[BlackTeam "DVTK"]
[WhiteFideId "724270"]
[BlackFideId "716855"]
[EventDate "2017.11.25"]
[EventType "team-tourn"]

1. Nf3 Nf6 2. c4 b6 3. g3 Bb7 4. Bg2 g6 5. b3 Bg7 6. Bb2 O-O 7. O-O c5 8. Nc3 d6
9. d4 Nbd7 10. d5 a6 11. a4 Qc7 12. Qd2 Rad8 13. e4 e5 14. Ne1 Nh5 15. Qe2 Bh6
16. Nd3 Rde8 17. Rae1 Bc8 18. f4 exf4 19. gxf4 Bg7 20. Qf3 Bd4+ 21. Kh1 Ng7 22.
Re2 f5 23. Rfe1 fxe4 24. Rxe4 Rxe4 25. Rxe4 Ne5 26. Nxe5 dxe5 27. Qe2 exf4 28.
Nd1 Bxb2 29. Nxb2 Nf5 30. Qf2 g5 31. Nd3 Ne3 32. Rxe3 fxe3 33. Qxe3 Qg7 34. h3
Bf5 35. Nf2 a5 36. d6 Qa1+ 37. Kh2 Qf6 38. Bd5+ Kh8 39. Qg3 Rd8 40. d7 Rxd7 41.
Qb8+ Rd8 0-1

[Event "TCh-HUN 2017-18"]
[Site "Hungary HUN"]
[Date "2018.01.28"]
[Round "5.3"]
[White "Szabo, Gergely-Andras-Gyula"]
[Black "Marosi, Levente"]
[Result "1-0"]
[WhiteTitle "GM"]
[BlackTitle "FM"]
[WhiteElo "2548"]
[BlackElo "2293"]
[WhiteTeam "DVTK"]
[BlackTeam "MTK Budapest"]
[WhiteFideId "1205064"]
[BlackFideId "747181"]
[EventDate "2017.11.25"]
[EventType "team-tourn"]

1. Nf3 Nf6 2. c4 g6 3. Nc3 Bg7 4. e4 d6 5. d4 O-O 6. h3 e5 7. d5 a5 8. g4 Na6 9.
Be3 Nd7 10. a3 Nac5 11. Rg1 a4 12. Nd2 Nb6 13. Qc2 Bf6 14. g5 Bg7 15. h4 f5 16.
Be2 Bd7 17. h5 Rf7 18. O-O-O Nc8 19. Kb1 b6 20. hxg6 hxg6 21. exf5 Bxf5 22. Nce4
Nxe4 23. Nxe4 Qd7 24. f3 Ne7 25. Rh1 Rff8 26. Bd3 Kf7 27. f4 Rh8 28. Rhf1 Raf8
29. fxe5 Bxe5 30. Nf6 Qc8 31. Bd2 Rh2 32. Ng4 Rh4 33. Nxe5+ dxe5 34. Bc3 Kg8 35.
Bxe5 Bxd3 36. Qxd3 Rxf1 37. Rxf1 Nf5 38. d6 cxd6 39. Qd5+ Kf8 40. Qxd6+ 1-0

[Event "TCh-HUN 2017-18"]
[Site "Hungary HUN"]
[Date "2018.01.28"]
[Round "5.4"]
[White "Juhasz, Kristof"]
[Black "Korpa, Bence"]
[Result "1/2-1/2"]
[BlackTitle "GM"]
[WhiteElo "1605"]
[BlackElo "2483"]
[WhiteTeam "Aquarena Kobanya SC"]
[BlackTeam "DVTK"]
[WhiteFideId "764507"]
[BlackFideId "706671"]
[EventDate "2017.11.25"]
[EventType "team-tourn"]

1. d4 Nf6 2. c4 e6 3. Nc3 Bb4 4. Qc2 O-O 5. Nf3 c5 6. dxc5 Bxc5 7. Bg5 h6 8.
Bxf6 Qxf6 9. e3 b6 10. Be2 Bb7 11. O-O Nc6 12. Rfd1 Ne5 13. Nxe5 Qxe5 14. Bf3
Bxf3 15. gxf3 Rfd8 16. f4 Qh5 17. Qe2 Qxe2 18. Nxe2 Rac8 19. Kg2 f5 20. Kf3 Kf7
21. b3 Be7 22. Rd2 Bf6 23. Rad1 Ke7 24. h3 d6 25. a4 a6 26. Rd3 Rc5 27. Nd4 d5
28. Ne2 Ke8 29. cxd5 Rdxd5 30. Rxd5 exd5 31. b4 Rc4 32. Rxd5 Rxb4 33. a5 g6 34.
Rd6 Ke7 35. Rc6 bxa5 36. Rxa6 a4 37. Ra7+ Ke8 38. Nc1 Rc4 39. Nd3 Bc3 40. Ne5
Bxe5 41. fxe5 Re4 42. e6 Rxe6 1/2-1/2

[Event "TCh-HUN 2017-18"]
[Site "Hungary HUN"]
[Date "2018.01.28"]
[Round "5.5"]
[White "Berczes, David"]
[Black "Szabo, Balazs"]
[Result "1-0"]
[WhiteTitle "GM"]
[BlackTitle "FM"]
[WhiteElo "2493"]
[BlackElo "2254"]
[WhiteTeam "DVTK"]
[BlackTeam "MTK Budapest"]
[WhiteFideId "722960"]
[BlackFideId "727105"]
[EventDate "2017.11.25"]
[EventType "team-tourn"]

1. d4 e6 2. e4 d5 3. Nd2 a6 4. Ngf3 c5 5. c3 Nf6 6. e5 Nfd7 7. Bd3 Nc6 8. O-O g5
9. Nb3 h6 10. Nxc5 Nxc5 11. dxc5 Bg7 12. Nd4 Nxe5 13. Bc2 Ng6 14. Bxg6 fxg6 15.
Re1 Qf6 16. Qa4+ Bd7 17. Qb3 O-O 18. Be3 Qf7 19. Rad1 e5 20. Nc2 Be6 21. Qb6
Rfc8 22. Qa5 g4 23. Nb4 Kh7 24. Rf1 Bf6 25. Rd2 Bd8 26. Qa4 a5 27. Nd3 Bc7 28.
f4 gxf3 29. Rxf3 Qe7 30. Rf1 Rf8 31. Rdf2 Rxf2 32. Rxf2 Bd7 33. Qd1 Rf8 34. Qd2
Rxf2 35. Nxf2 Be6 36. Nd3 Qh4 37. Bf2 Qe4 38. Bg3 Bf5 39. Ne1 Bg4 40. Nd3 Be2
41. Ne1 Bg4 42. h3 Bf5 43. Kh2 Bd8 44. Nf3 Bc7 45. Qf2 Kg7 46. Qd2 g5 47. Qf2
Bg6 48. c6 b6 49. Qf1 d4 50. cxd4 Qxc6 51. Bxe5+ Bxe5+ 52. dxe5 Qe4 53. Qc1 Bh5
54. Qc7+ Kg8 55. Qd8+ Kg7 56. Qf6+ Kg8 57. Qd8+ Kg7 58. Qe7+ Kg8 59. Qe6+ Kh7
60. Ng1 g4 61. Qe7+ Kg8 62. Qf6 Kh7 63. e6 Qe3 64. hxg4 Bxg4 65. Qf7+ Kh8 66.
Qf6+ Kh7 67. e7 Bh5 68. Nh3 Qe4 69. Nf4 Be8 70. Ne6 Qg4 71. Nf8+ Kg8 72. Qxh6
Qf5 73. Qe6+ Qf7 74. Qg4+ Kh8 75. Qh4+ Kg7 76. Nh7 Qe6 77. Ng5 Qxe7 78. Qh7+ Kf6
79. Ne4+ Ke6 80. Qxe7+ Kxe7 81. Kg3 Ke6 82. Kf4 Bg6 83. Nc3 Kd6 84. g4 Kc5 85.
Ke5 Kc4 86. Nd5 b5 87. g5 b4 88. b3+ Kb5 89. Ne7 Bb1 90. g6 Bxa2 91. g7 Bxb3 92.
Nd5 Bxd5 93. Kxd5 b3 94. g8=Q b2 95. Qb8+ Ka4 96. Kc4 b1=Q 97. Qxb1 1-0

[Event "TCh-HUN 2017-18"]
[Site "Hungary HUN"]
[Date "2018.01.28"]
[Round "5.6"]
[White "Terbe, Julianna"]
[Black "Torma, Robert"]
[Result "1/2-1/2"]
[WhiteTitle "WIM"]
[BlackTitle "IM"]
[WhiteElo "2263"]
[BlackElo "2484"]
[WhiteTeam "MTK Budapest"]
[BlackTeam "DVTK"]
[WhiteFideId "708780"]
[BlackFideId "719030"]
[EventDate "2017.11.25"]
[EventType "team-tourn"]

1. Nf3 d5 2. d4 Nf6 3. Bf4 c5 4. e3 e6 5. c3 Nc6 6. Nbd2 Qb6 7. Qb3 Qxb3 8. axb3
Bd7 9. h3 Be7 10. Bd3 O-O 11. O-O a6 12. Ne5 Nxe5 13. Bxe5 Rac8 14. Nf3 Rfd8 15.
Rfd1 Ne8 16. dxc5 Bxc5 17. b4 Bd6 18. e4 Bc6 19. Bxd6 dxe4 20. Bxe4 Bxe4 21. Be7
Rd5 22. Rxd5 Bxd5 23. Nd4 e5 24. Nf5 Be6 25. Ng3 f6 26. Rd1 Rc7 27. Bc5 Rd7 28.
Rxd7 Bxd7 29. Ne4 Kf7 30. Nd6+ Nxd6 31. Bxd6 Ke6 32. Bf8 g5 33. Kf1 Bb5+ 34. Ke1
f5 35. g3 h5 36. h4 gxh4 37. gxh4 f4 38. Bh6 Kf5 39. f3 e4 40. fxe4+ Kxe4 41.
Kf2 Bc4 42. Bg7 Bd5 43. c4 Bxc4 44. Bc3 1/2-1/2

[Event "TCh-HUN 2017-18"]
[Site "Hungary HUN"]
[Date "2018.01.28"]
[Round "5.7"]
[White "Bagi, Mate"]
[Black "Terbe, Zsuzsanna"]
[Result "1-0"]
[WhiteTitle "IM"]
[BlackTitle "WFM"]
[WhiteElo "2445"]
[BlackElo "2170"]
[WhiteTeam "DVTK"]
[BlackTeam "MTK Budapest"]
[WhiteFideId "742570"]
[BlackFideId "708801"]
[EventDate "2017.11.25"]
[EventType "team-tourn"]

1. e4 c5 2. Nf3 Nc6 3. d4 cxd4 4. Nxd4 Nf6 5. Nc3 e5 6. Ndb5 d6 7. Bg5 a6 8. Na3
b5 9. Nd5 Be7 10. Bxf6 Bxf6 11. c4 b4 12. Nc2 O-O 13. g3 Bg5 14. Bg2 Rb8 15. b3
Qa5 16. O-O Qc5 17. Kh1 Be6 18. f4 Bd8 19. Nde3 f6 20. Qe2 Bb6 21. Rad1 a5 22.
Nf5 Bc7 23. Qg4 Bxf5 24. exf5 Ne7 25. Rfe1 Kh8 26. Nd4 Rg8 27. Ne6 Qa7 28. fxe5
fxe5 29. Qg5 Bd8 30. Rxd6 h6 31. Qd2 1-0

[Event "TCh-HUN 2017-18"]
[Site "Hungary HUN"]
[Date "2018.01.28"]
[Round "5.8"]
[White "Berta, Sandor"]
[Black "Hando, Vilmos"]
[Result "1-0"]
[BlackTitle "FM"]
[WhiteElo "2122"]
[BlackElo "2400"]
[WhiteTeam "MTK Budapest"]
[BlackTeam "DVTK"]
[WhiteFideId "713775"]
[BlackFideId "731676"]
[EventDate "2017.11.25"]
[EventType "team-tourn"]

1. d4 Nf6 2. Bf4 g6 3. Nf3 Bg7 4. e3 b6 5. Be2 Bb7 6. O-O Nh5 7. Bg5 h6 8. Bh4
d6 9. h3 Nd7 10. Nfd2 Bf6 11. Bxf6 Ndxf6 12. c4 O-O 13. Nc3 e5 14. Bf3 Qc8 15.
d5 Ng7 16. Be2 Qd8 17. f4 Qe7 18. fxe5 Qxe5 19. e4 Rae8 20. Nf3 Qg3 21. Bd3 Ngh5
22. Ne2 Nxe4 23. Nxg3 Nexg3 24. Re1 c6 25. Qd2 cxd5 26. Rxe8 Rxe8 27. Re1 Rxe1+
28. Nxe1 1-0

[Event "TCh-HUN 2017-18"]
[Site "Hungary HUN"]
[Date "2018.01.28"]
[Round "5.9"]
[White "Horvath, Peter"]
[Black "Laza, Szabolcs"]
[Result "1/2-1/2"]
[WhiteTitle "GM"]
[WhiteElo "2422"]
[BlackElo "2173"]
[WhiteTeam "DVTK"]
[BlackTeam "MTK Budapest"]
[WhiteFideId "700843"]
[BlackFideId "741345"]
[EventDate "2017.11.25"]
[EventType "team-tourn"]

1. d4 d5 2. Nf3 Nf6 3. Bf4 c5 4. e3 Nc6 5. c3 Qb6 6. Qb3 c4 7. Qc2 Bf5 8. Qc1 e6
9. Nbd2 Qd8 10. Be2 Be7 11. O-O h6 12. b3 b5 13. a4 a6 14. axb5 axb5 15. Rxa8
Qxa8 16. bxc4 bxc4 17. Qb2 O-O 18. Ra1 Qc8 19. h3 Qd7 20. Ra6 Rc8 21. Bd1 Qd8
22. Ba4 Ra8 23. Qb7 Rxa6 24. Qxa6 Nb8 25. Qb7 Nbd7 26. Bc7 Qf8 27. g4 Bd3 28.
Ba5 Qb8 29. Qxb8+ Nxb8 30. Ne5 Bh7 31. h4 Bd6 32. g5 hxg5 33. hxg5 Bxe5 34. dxe5
Nfd7 35. f4 Nc5 36. Bb5 Nb3 37. Nxc4 Bd3 38. Nd2 Bxb5 39. Nxb3 Nd7 40. Kf2 f6
41. exf6 gxf6 42. Nd4 Bd3 43. Nxe6 fxg5 44. fxg5 Ne5 45. Bc7 Nc4 46. Kf3 Kf7 47.
Nd4 Nb2 48. Kf4 Nd1 49. Nf3 Bb1 50. Be5 Be4 51. Bd4 Nf2 52. Ne5+ Ke6 53. g6 Nd3+
54. Nxd3 Bxd3 55. g7 Bh7 56. e4 dxe4 57. c4 Kd6 58. Be3 Ke6 59. c5 Kd5 60. Kg5
Ke6 61. Kh6 Bg8 62. Kg6 Ke5 63. Bg1 Ke6 64. Bd4 Kd5 65. Be3 Ke6 66. Bg1 Ke5 67.
Kg5 Bh7 68. Be3 Bg8 69. Kg4 Bh7 70. Kg3 Bg8 71. Kf2 Kf6 72. Bd4+ Ke6 73. Ke2 Kd5
74. Be3 Kc6 75. Kd2 Kd5 76. Kc3 Bf7 77. Kb4 Kc6 78. Ka5 Bc4 79. Bf2 Be6 80. Ka6
Kd7 81. Kb6 Ke7 82. Kc6 Kf7 83. Kd6 Bh3 84. Bd4 e3 85. Bxe3 1/2-1/2

[Event "TCh-HUN 2017-18"]
[Site "Hungary HUN"]
[Date "2018.01.28"]
[Round "5.10"]
[White "Fodor, Balazs"]
[Black "Almasi, Istvan"]
[Result "1/2-1/2"]
[BlackTitle "IM"]
[WhiteElo "2102"]
[BlackElo "2419"]
[WhiteTeam "MTK Budapest"]
[BlackTeam "DVTK"]
[WhiteFideId "741850"]
[BlackFideId "701742"]
[EventDate "2017.11.25"]
[EventType "team-tourn"]

1. d4 Nf6 2. Nf3 c5 3. c4 cxd4 4. Nxd4 e6 5. g3 Bb4+ 6. Bd2 Qb6 7. e3 Nc6 8. Bg2
O-O 9. O-O d5 10. cxd5 Nxd5 11. Nc3 Bxc3 12. bxc3 Bd7 13. Rb1 Qa6 14. Nb3 Qc4
15. Re1 Nf6 16. e4 Rfd8 1/2-1/2

[Event "TCh-HUN 2017-18"]
[Site "Hungary HUN"]
[Date "2018.01.28"]
[Round "5.11"]
[White "Medvegy, Nora"]
[Black "Honos, Attila"]
[Result "1/2-1/2"]
[WhiteTitle "IM"]
[BlackTitle "FM"]
[WhiteElo "2357"]
[BlackElo "2207"]
[WhiteTeam "DVTK"]
[BlackTeam "MTK Budapest"]
[WhiteFideId "705136"]
[BlackFideId "701459"]
[EventDate "2017.11.25"]
[EventType "team-tourn"]

1. e4 d5 2. exd5 Qxd5 3. Nc3 Qd6 4. d4 Nf6 5. Nf3 a6 6. g3 b5 7. Bf4 Qb6 8. Bg2
Bb7 9. O-O e6 10. a4 Bd6 11. Bd2 O-O 12. Qe2 Nc6 13. Be3 Nd5 14. Nxd5 exd5 15.
Qd2 Rad8 16. Nh4 Ne7 17. axb5 axb5 18. Bf4 Ra8 19. Bxd6 Qxd6 20. Rfe1 c6 21. Qe3
Rxa1 22. Rxa1 Bc8 23. Nf3 Bg4 24. Ne5 Be6 25. Ra7 Nf5 26. Qc3 Rc8 27. b4 f6 28.
Nd3 Bf7 29. Bh3 Be6 30. Nf4 Re8 31. Ra6 Bd7 32. Bxf5 Bxf5 33. Rxc6 Re1+ 34. Qxe1
Qxc6 35. c3 g5 36. Ng2 Be4 37. Ne3 Qa8 38. f3 Bxf3 39. Nf5 Be4 40. Nd6 1/2-1/2

[Event "TCh-HUN 2017-18"]
[Site "Hungary HUN"]
[Date "2018.01.28"]
[Round "5.12"]
[White "Kovacsy, Barnabas"]
[Black "Schweighoffer, Martin"]
[Result "1/2-1/2"]
[WhiteElo "2124"]
[BlackElo "2123"]
[WhiteTeam "MTK Budapest"]
[BlackTeam "DVTK"]
[WhiteFideId "769290"]
[BlackFideId "1322613"]
[EventDate "2017.11.25"]
[EventType "team-tourn"]

1. e4 e5 2. Nf3 Nc6 3. Bb5 a6 4. Ba4 d6 5. c3 Bd7 6. d4 Nge7 7. Be3 Ng6 8. h4
Be7 9. h5 Nh4 10. Nxh4 Bxh4 11. d5 Nb8 12. Bxd7+ Nxd7 13. Qg4 Bf6 14. Nd2 h6 15.
g3 Nf8 16. f4 Qd7 17. Qxd7+ Nxd7 18. Kf2 O-O 19. Nf3 exf4 20. gxf4 Rae8 21. Nd2
Bd8 22. Rag1 f5 23. Bd4 Bf6 24. e5 dxe5 25. fxe5 Bxe5 26. Nf3 Bxd4+ 27. Nxd4 Nc5
28. Kf3 Re5 29. c4 Re4 30. Rd1 Rfe8 31. Rhf1 Rh4 32. Rh1 Rhe4 33. Rhf1 Nd7 34.
b3 Ne5+ 35. Kg3 Rg4+ 36. Kh3 f4 37. Rg1 Rg5 38. Kh4 c5 39. dxc6 Rxg1 40. Rxg1
bxc6 41. Rf1 Kh7 42. Kh3 c5 43. Nf5 f3 44. Kg3 Rf8 45. Nd6 Rf6 46. Ne4 Rf5 47.
Nxc5 Nxc4 48. bxc4 Rxc5 49. Rxf3 Rxh5 50. Rc3 Rc5 51. Kf4 g5+ 52. Ke4 g4 53. Kd4
Rc8 54. c5 h5 55. Ke3 Rc6 56. Kf4 Kg7 57. Rc1 Kf6 58. Rc3 Ke6 59. Kg5 g3 60.
Rxg3 Rxc5+ 61. Kh4 Kd6 62. Rg6+ Kc7 63. Rxa6 Kb7 64. Rh6 Ra5 65. Rxh5 Rxa2 1/2-1/2

[Event "TCh-HUN 2017-18"]
[Site "Hungary HUN"]
[Date "2018.01.28"]
[Round "5.1"]
[White "Horvath, Csaba"]
[Black "Mihok, Oliver"]
[Result "1/2-1/2"]
[WhiteTitle "GM"]
[BlackTitle "GM"]
[WhiteElo "2507"]
[BlackElo "2543"]
[WhiteTeam "Penzugyor SE"]
[BlackTeam "Duocor-Makoi SVSE"]
[WhiteFideId "700118"]
[BlackFideId "728012"]
[EventDate "2017.11.25"]
[EventType "team-tourn"]

1. d4 d5 2. c4 c6 3. Nf3 Nf6 4. Nc3 e6 5. e3 Nbd7 6. Qc2 Bd6 7. Bd3 O-O 8. O-O
dxc4 9. Bxc4 a6 10. Rd1 b5 11. Be2 Qc7 12. Ne4 Nxe4 13. Qxe4 e5 14. Qh4 Re8 15.
Bd3 h6 16. Bd2 Be7 17. Qg3 Bd6 18. Qh4 Be7 19. Qg3 1/2-1/2

[Event "TCh-HUN 2017-18"]
[Site "Hungary HUN"]
[Date "2018.01.28"]
[Round "5.2"]
[White "Popovic, Dusan"]
[Black "Horvath, Jozsef1"]
[Result "1/2-1/2"]
[WhiteTitle "GM"]
[BlackTitle "GM"]
[WhiteElo "2525"]
[BlackElo "2533"]
[WhiteTeam "Duocor-Makoi SVSE"]
[BlackTeam "Penzugyor SE"]
[WhiteFideId "927031"]
[BlackFideId "700061"]
[EventDate "2017.11.25"]
[EventType "team-tourn"]

1. e4 c5 2. Nf3 g6 3. d4 cxd4 4. Qxd4 Nf6 5. Nc3 Nc6 6. Qa4 d6 7. e5 dxe5 8.
Nxe5 Bd7 9. Nxd7 Nxd7 10. Bb5 Bg7 11. O-O O-O 12. Rd1 Qc8 13. Nd5 Nb6 14. Nxb6 1/2-1/2

[Event "TCh-HUN 2017-18"]
[Site "Hungary HUN"]
[Date "2018.01.28"]
[Round "5.3"]
[White "Balog, Imre"]
[Black "Kovacevic, Aleksandar"]
[Result "1-0"]
[WhiteTitle "GM"]
[BlackTitle "GM"]
[WhiteElo "2539"]
[BlackElo "2493"]
[WhiteTeam "Penzugyor SE"]
[BlackTeam "Duocor-Makoi SVSE"]
[WhiteFideId "728446"]
[BlackFideId "903124"]
[EventDate "2017.11.25"]
[EventType "team-tourn"]

1. c4 c5 2. g3 Nc6 3. Bg2 g6 4. Nf3 Bg7 5. O-O e6 6. Nc3 Nge7 7. a3 d5 8. d3 O-O
9. Bd2 b6 10. Rb1 Bb7 11. b4 cxb4 12. axb4 dxc4 13. dxc4 Rc8 14. Nb5 a6 15. Na3
Nf5 16. Bg5 Qc7 17. b5 Ne5 18. Nxe5 Bxe5 19. bxa6 Bxg2 20. Kxg2 Qc6+ 21. e4
Qxe4+ 22. Qf3 Qxf3+ 23. Kxf3 Rc6 24. g4 Nd4+ 25. Ke4 Bg7 26. Be3 f5+ 27. Kd3 Rd8
28. Bxd4 Bxd4 29. Nb5 Be5+ 30. Ke2 Rxc4 31. gxf5 exf5 32. Rfd1 Re8 33. Kf1 Ra4
34. a7 Kf7 35. Rd7+ Kf6 36. Rc1 Ra2 37. h4 f4 38. f3 Kf5 39. Re1 Ra5 40. Nd4+
Kf6 41. Nc6 Rc5 42. Nd8 1-0

[Event "TCh-HUN 2017-18"]
[Site "Hungary HUN"]
[Date "2018.01.28"]
[Round "5.4"]
[White "Sipos, Istvan"]
[Black "Hujbert, Florian"]
[Result "1-0"]
[WhiteTitle "IM"]
[BlackTitle "IM"]
[WhiteElo "2468"]
[BlackElo "2444"]
[WhiteTeam "Duocor-Makoi SVSE"]
[BlackTeam "Penzugyor SE"]
[WhiteFideId "720631"]
[BlackFideId "730165"]
[EventDate "2017.11.25"]
[EventType "team-tourn"]

1. c4 b6 2. Nc3 Bb7 3. e4 e6 4. Nge2 Nf6 5. d3 d5 6. cxd5 exd5 7. e5 Nfd7 8. d4
c5 9. f4 Be7 10. g3 cxd4 11. Nxd4 O-O 12. Bg2 Bb4 13. O-O Nc5 14. Nf5 Ne4 15.
Nxe4 dxe4 16. Be3 g6 17. Nh6+ Kg7 18. f5 Nd7 19. Qb3 Bc5 20. f6+ Kh8 21. Bxc5 1-0

[Event "TCh-HUN 2017-18"]
[Site "Hungary HUN"]
[Date "2018.01.28"]
[Round "5.5"]
[White "Seres, Lajos"]
[Black "Csonka, Balazs"]
[Result "1/2-1/2"]
[WhiteTitle "GM"]
[BlackTitle "FM"]
[WhiteElo "2406"]
[BlackElo "2451"]
[WhiteTeam "Penzugyor SE"]
[BlackTeam "Duocor-Makoi SVSE"]
[WhiteFideId "701254"]
[BlackFideId "742910"]
[EventDate "2017.11.25"]
[EventType "team-tourn"]

1. d4 d5 2. c4 c6 3. Nf3 Nf6 4. e3 Bf5 5. Nc3 e6 6. Nh4 Be4 7. f3 Bg6 8. Qb3 Qc7
9. Bd2 Be7 10. Nxg6 hxg6 11. O-O-O Nbd7 1/2-1/2

[Event "TCh-HUN 2017-18"]
[Site "Hungary HUN"]
[Date "2018.01.28"]
[Round "5.6"]
[White "Farkas, Tibor"]
[Black "Bakos, Balazs"]
[Result "1/2-1/2"]
[WhiteTitle "IM"]
[BlackTitle "FM"]
[WhiteElo "2315"]
[BlackElo "2423"]
[WhiteTeam "Duocor-Makoi SVSE"]
[BlackTeam "Penzugyor SE"]
[WhiteFideId "933333"]
[BlackFideId "725773"]
[EventDate "2017.11.25"]
[EventType "team-tourn"]

1. e4 c6 2. d4 d5 3. e5 Bf5 4. c4 e6 5. Nc3 Ne7 6. a3 dxc4 7. Bxc4 Nd7 8. Nge2
Nb6 9. Bb3 Ned5 10. Ng3 Bg6 11. h4 h6 12. h5 Bh7 13. Nce4 Nd7 14. Nc3 Qa5 1/2-1/2

[Event "TCh-HUN 2017-18"]
[Site "Hungary HUN"]
[Date "2018.01.28"]
[Round "5.7"]
[White "Szuk, Balazs"]
[Black "Tatar Kis, Szabolcs"]
[Result "1/2-1/2"]
[WhiteTitle "IM"]
[BlackTitle "IM"]
[WhiteElo "2370"]
[BlackElo "2378"]
[WhiteTeam "Penzugyor SE"]
[BlackTeam "Duocor-Makoi SVSE"]
[WhiteFideId "706019"]
[BlackFideId "702595"]
[EventDate "2017.11.25"]
[EventType "team-tourn"]

1. e4 c6 2. c4 d5 3. cxd5 cxd5 4. exd5 Nf6 5. Qa4+ Nbd7 6. Nc3 a6 7. Nf3 g6 8.
Bc4 Bg7 9. d3 O-O 10. Qa3 Nb6 11. Qb3 Bg4 12. Ne5 Qc7 13. O-O Nxc4 14. Nxc4 Bf5
15. Qb6 Qd8 16. Qxd8 1/2-1/2

[Event "TCh-HUN 2017-18"]
[Site "Hungary HUN"]
[Date "2018.01.28"]
[Round "5.8"]
[White "Hajnal, Zoltan"]
[Black "Fogarasi, Tibor"]
[Result "1/2-1/2"]
[WhiteTitle "IM"]
[BlackTitle "GM"]
[WhiteElo "2370"]
[BlackElo "2378"]
[WhiteTeam "Duocor-Makoi SVSE"]
[BlackTeam "Penzugyor SE"]
[WhiteFideId "717754"]
[BlackFideId "700363"]
[EventDate "2017.11.25"]
[EventType "team-tourn"]

1. e4 c5 2. Nf3 e6 3. d4 cxd4 4. Nxd4 a6 5. Bd3 Nf6 6. O-O e5 7. Nf3 Nc6 8. c4
Bc5 9. Nc3 d6 10. Nd5 h6 11. h3 O-O 12. Qe2 Nxd5 13. cxd5 Nd4 14. Nxd4 Bxd4 15.
Be3 Bxe3 16. Qxe3 1/2-1/2